01130 2200169 4500001002100000005001500021035002000036245007200056100001900128300002900147260004400176082001000220084001600230020002200246650001000268520068200278INLIS00000000000010720240506030249 a0010-05240000291 aWhy? Artificial Intelligence :bKecerdasan Buatan /cYoon, Sangseok0 aYoon, Sangseok a160 hlm :bilus ;c24 cm aJakarta :bElex Media Komputindo,c2020 a006.3 a006.3 YOO w a978-623-001-319-5 4aSains aTidak lama lagi dunia akan berubah menjadi lebih praktis dengan adanya mobil yang dapat mengendarai sendiri, mesin penerjemah yang dapat digunakan untuk memudahkan komunikasi dengan orang asing, atau robot yang melakukan pekerjaan berbahaya. Semua teknologi itu dimungkinkan berkat adanya kecerdasan buatan. Berkat kecerdasan buatan yang ada pada smartphone, kita dapat mencari informasi tentang jalan atau informasi-informasi apapun yang diinginkan. Kecerdasan buatan juga sudah banyak menggantikan tugas manusia di berbagai bidang lainnya. Tapi, bagaimana bisa mesin memiliki kecerdasan yang sama dengan manusia? Lalu, apa bedanya kecerdasan buatan dengan kecerdasan manusia?